Service-Oriented Architecture : (Record no. 16820)
[ view plain ]
| 000 -LEADER | |
|---|---|
| fixed length control field | 01053cam a22002537a 4500 |
| 001 - CONTROL NUMBER | |
| control field | 13914523 |
| 005 - DATE AND TIME OF LATEST TRANSACTION | |
| control field | 20060308151911.0 |
| 008 - FIXED-LENGTH DATA ELEMENTS--GENERAL INFORMATION | |
| fixed length control field | 050329s2005 njua 001 0 eng d |
| 020 ## - INTERNATIONAL STANDARD BOOK NUMBER | |
| International Standard Book Number | 0131858580 |
| 040 ## - CATALOGING SOURCE | |
| Original cataloging agency | DPL |
| Transcribing agency | DPL |
| Modifying agency | UKM |
| -- | BAKER |
| -- | EYE |
| -- | UAB |
| -- | IXA |
| -- | DLC |
| 082 04 - DEWEY DECIMAL CLASSIFICATION NUMBER | |
| Classification number | 004.36 |
| Edition number | 22 |
| Item number | ERL |
| 100 1# - MAIN ENTRY--PERSONAL NAME | |
| Personal name | Erl, Thomas. |
| 9 (RLIN) | 30343 |
| 245 10 - TITLE STATEMENT | |
| Title | Service-Oriented Architecture : |
| Remainder of title | Concepts, Technology, and Design / |
| Statement of responsibility, etc | Thomas Erl. |
| 260 ## - PUBLICATION, DISTRIBUTION, ETC. (IMPRINT) | |
| Place of publication, distribution, etc | Upper Saddle River, NJ : |
| Name of publisher, distributor, etc | Prentice Hall Professional Technical Reference, |
| Date of publication, distribution, etc | c2005. |
| 300 ## - PHYSICAL DESCRIPTION | |
| Extent | xxviii, 760 p. : |
| Other physical details | ill. ; |
| Dimensions | 25 cm. |
| 500 ## - GENERAL NOTE | |
| General note | Includes index. |
| 650 #0 - SUBJECT ADDED ENTRY--TOPICAL TERM | |
| Topical term or geographic name as entry element | Web services. |
| 9 (RLIN) | 30344 |
| 650 #0 - SUBJECT ADDED ENTRY--TOPICAL TERM | |
| Topical term or geographic name as entry element | Computer network architectures. |
| 9 (RLIN) | 30345 |
| 650 #0 - SUBJECT ADDED ENTRY--TOPICAL TERM | |
| Topical term or geographic name as entry element | Computer architecture. |
| 9 (RLIN) | 30346 |
| 653 ## - INDEX TERM--UNCONTROLLED | |
| Resource For college | |
| Arrived date list | July2012 |
| 942 ## - ADDED ENTRY ELEMENTS (KOHA) | |
| Source of classification or shelving scheme | Dewey Decimal Classification |
| Item type | Book - Borrowing |
| Withdrawn status | Item status | Source of classification or shelving scheme | Damaged status | Not for loan | Vendor | Home library | Current library | Shelving location | Date acquired | Source of acquisition | Cost, normal purchase price | Serial Enumeration / chronology | Total Checkouts | Full call number | Barcode | Date last seen | Date last borrowed | Koha item type |
|---|---|---|---|---|---|---|---|---|---|---|---|---|---|---|---|---|---|---|
| Dewey Decimal Classification | Baccah | Central Library | Central Library | Lower Floor | 04/07/2012 | 250.00 | 15423 | 2 | 004.36 ERL | 000026912 | 15/07/2025 | 20/12/2012 | Book - Borrowing |